00405nam a2200157 a 4500008004100000050001500041100002000056245002500076246002500101250001200126260003200138300001700170350000900187650003800196650001300234120416s1976 ||||||||||||||||| || u aHF 353 Hug aHughes, Henry G10aWorkbook of commerce awith teacher's notes a2nd ed. aLondonbNewnes-Butterc1976 a217p. : ill. a0.00 aCOMMERCE--HANDBOOKS, MANUALS, ETC 0aCOMMERCE